An Assessment of the impact of the schoolbook "Living with Cheetahs" on Schoolchildren's knowledge and attitudes towards cheetahs in Bulilima, Gwanda Districts / (Record no. 134448)
[ view plain ]
| 000 -LEADER | |
|---|---|
| fixed length control field | 00769nam a2200205 a 4500 |
| 008 - FIXED-LENGTH DATA ELEMENTS--GENERAL INFORMATION | |
| fixed length control field | |
| 049 ## - LOCAL HOLDINGS (OCLC) | |
| Holding library | MAIN |
| 003 - CONTROL NUMBER IDENTIFIER | |
| control field | |
| 005 - DATE AND TIME OF LATEST TRANSACTION | |
| control field | 20230123125028.0 |
| 040 ## - CATALOGING SOURCE | |
| Transcribing agency | NUST |
| 100 1# - MAIN ENTRY--PERSONAL NAME | |
| Personal name | Ndiweni, Cynthia. |
| 245 10 - TITLE STATEMENT | |
| Title | An Assessment of the impact of the schoolbook "Living with Cheetahs" on Schoolchildren's knowledge and attitudes towards cheetahs in Bulilima, Gwanda Districts / |
| Statement of responsibility, etc. | Cynthia Ndiweni. |
| 260 ## - PUBLICATION, DISTRIBUTION, ETC. | |
| Place of publication, distribution, etc. | Bulawayo : |
| Name of publisher, distributor, etc. | NUST, |
| Date of publication, distribution, etc. | 2009. |
| 300 ## - PHYSICAL DESCRIPTION | |
| Extent | ix, 61p. : |
| Other physical details | ill. ; |
| Dimensions | 30cm. |
| 500 ## - GENERAL NOTE | |
| General note | Dissertation (BSc)---NUST,2009. |
| 504 ## - BIBLIOGRAPHY, ETC. NOTE | |
| Bibliography, etc. note | Includes bibliographical references. |
| 700 ## - ADDED ENTRY--PERSONAL NAME | |
| Personal name | NUST. |
| Numeration | dept. Of Forest Resources and Wildife Management. |
| Dates associated with a name | Dissertation. |
| 907 ## - LOCAL DATA ELEMENT G, LDG (RLIN) | |
| a | .b10279581 |
| b | 25-02-16 |
| c | 14-07-10 |
| 942 ## - ADDED ENTRY ELEMENTS (KOHA) | |
| Koha item type | Ordinary Loan Books |
| Date last seen | Total Checkouts | Barcode | Cost, replacement price | Price effective from | Koha item type | Lost status | Source of classification or shelving scheme | Damaged status | Not for loan | Collection | Withdrawn status | Home library | Current library | Shelving location | Date acquired | Cost, normal purchase price |
|---|---|---|---|---|---|---|---|---|---|---|---|---|---|---|---|---|
| 01/23/2023 | 92004012961 | 80.00 | 01/23/2023 | BOOKS | lcc | NFIC | MAIN | MAIN | GEN | 01/23/2023 | 80.00 |